000
00334nam a2200145Ia 4500
008
191201s2007 xx 000 0 und d
082
_a
657.42
_b
DRM
100
_a
DRURY, Colin
245
0
_a
Management and Cost Accounting
250
_a
6th
260
_a
N.Delhi
_b
Thomson
_c
2007
300
_a
1280
650
_a
MBA
942
_2
ddc
_c
BK
999
_c
3103
_d
3103